Human relations in educational organization ; a basic text in personnel administration.

Bibliographic Details
Main Author: Hughes, James Monroe, 1890-
Format: Book
Language:English
Published: New York : Harper, [1957]
Series:Exploration series in education.
Subjects:

MARC

Tag First Indicator Second Indicator Subfields
LEADER 00000cam a2200000 4500
001 in00000075265
005 20151008052618.0
008 750129s1957 nyu 00000 eng u
010 |a  57006025  
035 |a (OCoLC)01155588 
035 |9 AAH4112AM 
040 |c BUF  |d TXA  |d UtOrBLW 
049 |a TXAM  |c [280302] 
050 0 0 |a LB2831.5  |b .H8 
082 0 |a 371.1 
092 |a 371.1  |b H893h 
100 1 |a Hughes, James Monroe,  |d 1890- 
245 1 0 |a Human relations in educational organization ;  |b a basic text in personnel administration. 
264 1 |a New York :  |b Harper,  |c [1957] 
300 |a 425 pages ;  |c 22 cm. 
336 |a text  |b txt  |2 rdacontent 
337 |a unmediated  |b n  |2 rdamedia 
338 |a volume  |b nc  |2 rdacarrier 
490 1 |a Exploration series in education 
650 0 |a School personnel management. 
830 0 |a Exploration series in education. 
999 |a MARS 
999 f f |s cf13393e-fa5d-33bb-87c6-eaaba7470992  |i 2b2d712e-96f8-375e-8937-9dfd6d87a196  |t 0 
952 f f |p ric  |a Texas A&M University  |b Rellis Campus  |c Joint Library Facility  |d Remote Storage  |t 0  |e LB2831.5 .H8  |h Library of Congress classification  |i unmediated -- volume  |m A14800829948 
998 f f |a LB2831.5 .H8  |t 0  |l Remote Storage